000 00440nam a22001817a 4500
003 3228
005 20260603111323.0
008 260603b sa ||||| |||| 00| 0 eng d
020 _a9780099591320
_qpbk
040 _aMPL
_c3228
041 _2E
082 0 _aEF PATT
100 _aPatterson, James
245 _aFirst love
260 _aLondon:
_bArrow Books,
_c2015.
300 _a277 Pages
_bIllustrations
_c19,5 cm
942 _2ddc
_cBOOK
_w282
_xEmmerencia Nonyane
_y282
_zEmmerencia Nonyane
999 _c799545
_d799544